| 000 | 00979nam a22002417a 4500 | ||
|---|---|---|---|
| 003 | OSt | ||
| 005 | 20260223071503.0 | ||
| 008 | 260223b |||||||| |||| 00| 0 eng d | ||
| 020 | _a978073606022 | ||
| 040 |
_aDWCL-Main Lib _cOC |
||
| 082 | _aProf. 796.07 St844 2008 | ||
| 100 | _aStevens, Cheryl A. | ||
| 245 | _aService learning for health, physically education, and recreation : a step-by-step guide | ||
| 260 |
_aChampaign, 1L : _bHuman Kinetics, _cc2008 |
||
| 300 |
_axx, 98 pages : _billustrations ; _c28 cm. |
||
| 504 | _a1. Includes bibliographical references and index. | ||
| 650 | _aHealth education - curricula - handbooks, manuals, etc. | ||
| 650 | _aPhysical education and training - curricula - handbooks, manuals, etc. | ||
| 650 | _aRecreation - curricula - handbooks, manuals, etc. | ||
| 650 | _aService learning - handbooks, manuals, etc. | ||
| 650 | _aSrudent volunteers in social service - handbooks, manuals, etc. | ||
| 942 |
_2ddc _cPROF. _mProf. _n0 |
||
| 999 |
_c8494 _d8494 |
||